| 000 | 00625nam a2200193Ia 4500 | ||
|---|---|---|---|
| 003 | GCL | ||
| 008 | 140319s9999 xx 000 0 eng d | ||
| 040 |
_aGCL / _cGCL |
||
| 082 | 0 | 4 |
_aCC _b905 _bS S |
| 100 | 1 | _aSERVICE DES ANTIQUITES DE LA EGYPTE | |
| 245 | 1 | 0 |
_aSUPPLEMENT AUX ANNALES DU SERVICE DES ANTIQUITES DE L'EGYPT, CAHIERS:11, 13, 15, 18, 19, 23, 24, 25, 26. / _cSERVICE DES ANTIQUITES DE LA EGYPTE |
| 260 |
_a[S.N] : _bSERVICE DES ANTIQUITES DE L'EGYPTE ، _c1984 |
||
| 650 | 0 | 4 | _aHISTOLOGY |
| 650 | 0 | 4 | _aANCIENT EGYPT |
| 650 | 0 | 4 | _aHISTORY |
| 650 | 0 | 4 | _aARCHAEOLOGY |
| 650 | 0 | 4 | _aPERIODICALS |
| 942 |
_2ddc _cBK |
||
| 999 |
_c16921 _d16921 |
||